000 00407nam a2200157Ia 4500
008 130318s9999 xx 000 0 und d
020 _a9788120335219
082 _a005.82 PAC/C
100 _aPachghare, V.K
245 _aCryptography and information security
260 _bPHI Learning
_aNoida
_c1999
300 _a367
650 _aCIPHER
650 _aCOMPUTER FORENSICS
650 _aINFORMATION SECURITY
999 _c1970
_d1970